[Event "29.Schlosspark-Open"]
[Site "Wiesbaden-Biebrich"]
[Date "2017.08.26"]
[Round "4.26"]
[White "Kregelin, Jan"]
[Black "Schmidt, Volker"]
[Result "1-0"]
[WhiteElo "2112"]
[BlackElo "1917"]
[PlyCount "81"]
[EventDate "2017.??.??"]
[WhiteTeam "FVS ASP Hoyerswerda"]
[BlackTeam "TuS Dotzheim"]

1. d4 Nf6 2. c4 g6 3. Nc3 d5 4. cxd5 Nxd5 5. e4 Nxc3 6. bxc3 Bg7 7. Nf3 c5 8.
Rb1 Qa5 9. Rb5 Qxa2 10. Rxc5 O-O 11. Bc4 Qb1 12. O-O Nc6 13. Bd3 Qb6 14. Be3
Qd8 15. Rb5 a6 16. Rb1 b5 17. h3 Na5 18. Qd2 Re8 19. Qa2 Qc7 20. Rfc1 Be6 21.
d5 Bd7 22. c4 Nxc4 23. Bxc4 bxc4 24. Rxc4 Qd8 25. Bb6 Qb8 26. Bc7 Qa7 27. Bb6
Qb8 28. Bd4 Bb5 29. Rcb4 Bf8 30. e5 Qc8 31. Be3 Qd7 32. Rd1 Rec8 33. Nd4 Rcb8
34. e6 fxe6 35. Nxe6 a5 36. Rh4 a4 37. d6 exd6 38. Ng5+ d5 39. Rxd5 Bc4 40.
Qxc4 Rb1+ 41. Rd1+ 1-0

[Event "29.Schlosspark-Open"]
[Site "Wiesbaden-Biebrich"]
[Date "2017.08.26"]
[Round "4.27"]
[White "Kühn, Matthias"]
[Black "Weidel, Albrecht"]
[Result "1/2-1/2"]
[WhiteElo "1935"]
[BlackElo "2108"]
[PlyCount "49"]
[EventDate "2017.??.??"]
[WhiteTeam "SV Hürth-Berrenrath"]
[BlackTeam "SF Ravensburg"]

1. e4 c5 2. Nc3 d6 3. f4 a6 4. Nf3 Nc6 5. d3 e5 6. f5 g6 7. g4 h5 8. fxg6 fxg6
9. g5 Nge7 10. Bg2 Be6 11. Nh4 Qd7 12. O-O Bg7 13. Nd5 Bg4 14. Bf3 Nxd5 15.
Nxg6 Nde7 16. Nxh8 Bxh8 17. h3 Bxf3 18. Qxf3 O-O-O 19. c3 d5 20. Be3 d4 21. Bd2
dxc3 22. Bxc3 Qxd3 23. Qxh5 Qxe4 24. Rad1 Nd4 25. Rf2 1/2-1/2

[Event "29.Schlosspark-Open"]
[Site "Wiesbaden-Biebrich"]
[Date "2017.08.26"]
[Round "4.28"]
[White "Thomele, Michael"]
[Black "Köllner, Christof"]
[Result "1/2-1/2"]
[WhiteElo "1908"]
[BlackElo "2105"]
[PlyCount "87"]
[EventDate "2017.??.??"]
[WhiteTeam "SC Obernau"]
[BlackTeam "SV Bergneustadt/Derschlag"]

1. e4 d6 2. d4 Nf6 3. Nc3 e5 4. Nf3 Nbd7 5. Bc4 Be7 6. Be3 Nb6 7. Be2 exd4 8.
Nxd4 O-O 9. O-O Re8 10. a4 a5 11. f3 Nfd7 12. Qd2 Ne5 13. b3 c6 14. Rad1 d5 15.
exd5 Nxd5 16. Nxd5 Qxd5 17. Bf2 Qd8 18. Qc1 Bd6 19. Rfe1 Ng6 20. Bc4 Rxe1+ 21.
Rxe1 Bd7 22. Ne2 Ne5 23. Qf4 Qf8 24. Qd4 Nxc4 25. Qxc4 Be6 26. Qh4 Be7 27. Qf4
Bd6 28. Qh4 Bb4 29. Rd1 Re8 30. Ng3 f5 31. Qf4 Bc5 32. Qd2 Bb4 33. Qf4 h6 34.
h4 Bc5 35. Qd2 Bc8 36. Qxa5 Bxf2+ 37. Kxf2 Qf6 38. Qb4 f4 39. Ne4 Qxh4+ 40. Kg1
Re5 41. Qd6 Rd5 42. Rxd5 Qe1+ 43. Kh2 Qh4+ 44. Kg1 1/2-1/2

[Event "29.Schlosspark-Open"]
[Site "Wiesbaden-Biebrich"]
[Date "2017.08.26"]
[Round "4.29"]
[White "Bader, Dominic"]
[Black "Wüst, Michael"]
[Result "1/2-1/2"]
[WhiteElo "2087"]
[BlackElo "1907"]
[PlyCount "160"]
[EventDate "2017.??.??"]
[WhiteTeam "SG Büchenbach/Roth"]
[BlackTeam "PTSV SK Hof"]

1. d4 e6 2. Nf3 f5 3. g3 Nf6 4. Bg2 d5 5. O-O c6 6. b3 Bd6 7. Bb2 O-O 8. Ne5
Nbd7 9. c4 Qc7 10. f4 Ne4 11. Nd2 Nxe5 12. fxe5 Be7 13. Qc2 Nxd2 14. Qxd2 Bd7
15. Rfc1 Qd8 16. Rc2 Be8 17. e3 Bg6 18. Rcc1 Qd7 19. Bc3 h6 20. Bb4 Bh7 21. Bf1
Rf7 22. Bxe7 Qxe7 23. cxd5 cxd5 24. Rc5 Raf8 25. Bd3 Qg5 26. Kh1 Qg4 27. Qg2
Qg5 28. Qf3 Bg6 29. Qf4 Qe7 30. Be2 Bh7 31. Rg1 g5 32. Qf1 Kh8 33. Bd3 Rg7 34.
Qc1 Qf7 35. Rg2 Qh5 36. Be2 Qf7 37. Bd3 Qh5 38. Rf2 Rgf7 39. Be2 Qg6 40. Bd3
Qh5 41. Be2 Qg6 42. Bf3 f4 43. exf4 gxf4 44. g4 Qd3 45. Qc3 Qb1+ 46. Kg2 Be4
47. Re2 Rg8 48. Rc8 Bxf3+ 49. Kxf3 Qh1+ 50. Rg2 Qf1+ 51. Rf2 Qh3+ 52. Ke2 Qxg4+
53. Kd2 Rxc8 54. Qxc8+ Kg7 55. Qc3 f3 56. Qe3 Qf5 57. Qd3 Qf4+ 58. Qe3 Qg4 59.
Qd3 Rf4 60. Kc3 h5 61. Qb5 Rf7 62. Qf1 Rc7+ 63. Kb2 Qxd4+ 64. Kb1 Qe4+ 65. Kb2
Qxe5+ 66. Ka3 Qd6+ 67. Kb2 Qe5+ 68. Ka3 Rf7 69. Rxf3 Rxf3 70. Qxf3 Qf5 71. Qg3+
Kh6 72. Qe3+ Kg6 73. Qxa7 Qf7 74. Kb2 Qe7 75. Qg1+ Kf7 76. Qd1 Qg5 77. Qc2 Qe5+
78. Ka3 Qd6+ 79. Kb2 Qe5+ 80. Ka3 Qd6+ 1/2-1/2

[Event "29.Schlosspark-Open"]
[Site "Wiesbaden-Biebrich"]
[Date "2017.08.26"]
[Round "4.30"]
[White "Köllner, Aaron Noah"]
[Black "Rolf, Marco"]
[Result "1-0"]
[WhiteElo "1894"]
[BlackElo "2082"]
[PlyCount "105"]
[EventDate "2017.??.??"]
[WhiteTeam "SV Bergneustadt/Derschlag"]
[BlackTeam "SK Gernsheim"]

1. d4 d5 2. Bf4 Nf6 3. e3 c5 4. c3 Nc6 5. Nd2 Qb6 6. Qb3 c4 7. Qc2 g6 8. f3 Bg7
9. e4 e5 10. Bxe5 Nxe5 11. dxe5 Nh5 12. exd5 Qe3+ 13. Ne2 Nf4 14. Nxc4 Nd3+ 15.
Qxd3 Qxd3 16. Nd4 Qxc4 17. Bxc4 Bxe5 18. O-O-O O-O 19. g3 a6 20. Rhe1 Bf6 21.
Bb3 Bd7 22. Kb1 Rfc8 23. h4 b5 24. h5 a5 25. hxg6 hxg6 26. Ne2 Rab8 27. a3 b4
28. axb4 axb4 29. c4 Bf5+ 30. Kc1 Ra8 31. g4 Bd7 32. Kc2 Bb5 33. d6 Bxc4 34.
Bxc4 Rxc4+ 35. Kb3 Rc6 36. d7 Rc7 37. Nf4 Kg7 38. Rd5 Rd8 39. g5 Bxb2 40. Kxb2
Rcxd7 41. Rxd7 Rxd7 42. Re4 f6 43. gxf6+ Kxf6 44. Rxb4 Rd2+ 45. Kc1 Rf2 46.
Rb6+ Kf5 47. Nxg6 Kg5 48. Ne5 Kf5 49. Rb5 Re2 50. Nd3+ Kf6 51. Kd1 Re3 52. Ne1
Ra3 53. Ke2 1-0

[Event "29.Schlosspark-Open"]
[Site "Wiesbaden-Biebrich"]
[Date "2017.08.26"]
[Round "4.31"]
[White "Neurohr, Jürgen"]
[Black "Büse, Ralf"]
[Result "1-0"]
[WhiteElo "2073"]
[BlackElo "1896"]
[PlyCount "79"]
[EventDate "2017.??.??"]
[WhiteTeam "SF Mainz"]
[BlackTeam "SC Ladja Roßdorf"]

1. d4 e6 2. c4 f5 3. Nc3 Nf6 4. e3 d5 5. Bd3 Be7 6. f4 O-O 7. Nf3 c6 8. O-O Ne4
9. Qc2 Nd7 10. a3 a5 11. Bd2 Qe8 12. Ne5 Nxe5 13. fxe5 Qh5 14. Bxe4 dxe4 15. c5
Bd7 16. Na4 Bd8 17. Rac1 g5 18. b3 Rf7 19. Qd1 Qh6 20. Qe2 Bc7 21. Nb2 Qg6 22.
a4 Raf8 23. Rce1 b6 24. cxb6 Bxb6 25. Nc4 Ba7 26. Bxa5 c5 27. Bb6 Bxb6 28. Nxb6
Bc6 29. dxc5 f4 30. b4 f3 31. Qf2 fxg2 32. Qxg2 Rf3 33. b5 g4 34. bxc6 g3 35.
c7 R8f5 36. c8=Q+ Kg7 37. Qd7+ Kh6 38. Qe7 gxh2+ 39. Kh1 Rg3 40. Qh4+ 1-0

[Event "29.Schlosspark-Open"]
[Site "Wiesbaden-Biebrich"]
[Date "2017.08.26"]
[Round "4.32"]
[White "Bischoff, Ulrich"]
[Black "Hassemeier, Mika"]
[Result "1/2-1/2"]
[WhiteElo "2071"]
[BlackElo "1888"]
[PlyCount "188"]
[EventDate "2017.??.??"]
[WhiteTeam "Sfr. Erbach"]
[BlackTeam "FVS ASP Hoyerswerda"]

1. d4 Nf6 2. g3 g6 3. Bg2 Bg7 4. Nf3 O-O 5. c4 d6 6. Nc3 Nc6 7. O-O a6 8. h3
Bd7 9. Qc2 Rb8 10. Bd2 b5 11. cxb5 axb5 12. e4 Qc8 13. Kh2 e5 14. dxe5 Nxe5 15.
Nxe5 dxe5 16. Nd5 Nxd5 17. exd5 Bf5 18. Qc5 Rd8 19. Rfe1 Bf8 20. Qc1 Bd6 21.
Bg5 Re8 22. Bf6 Qa6 23. Qh6 Bf8 24. Qh4 Qd6 25. Rac1 Rb6 26. Bg5 Be7 27. f4
Bxg5 28. Qxg5 Kg7 29. fxe5 Rxe5 30. Rxe5 Qxe5 31. Rf1 h6 32. Qc1 Bd7 33. Re1
Qd6 34. Qc3+ Kh7 35. Rc1 Rb7 36. Qf3 Kg7 37. Qe4 Rb8 38. Qd4+ Kg8 39. Qa7 Rc8
40. Qb7 Qe5 41. Rc2 h5 42. h4 Kg7 43. b3 g5 44. Bf3 gxh4 45. Rg2 h3 46. Re2 Qf5
47. d6 cxd6 48. Qe4 Qxe4 49. Bxe4 Be6 50. Rd2 d5 51. Bd3 b4 52. Bf1 Kf6 53.
Bxh3 Ke5 54. Bg2 Rc5 55. Bf3 Bf5 56. Bxh5 Rc2 57. Rxc2 Bxc2 58. Kg2 f5 59. Kf2
Bb1 60. g4 Bxa2 61. gxf5 Bxb3 62. Ke3 Kxf5 63. Kd4 Bc4 64. Bf7 Kf4 65. Bh5 Kg3
66. Ke3 b3 67. Bd1 Kg2 68. Kd2 Kf2 69. Kc3 Ke3 70. Bh5 Ke4 71. Bg6+ Ke3 72. Bh5
Kf2 73. Bd1 Ke1 74. Bh5 Kf1 75. Bd1 Kg2 76. Bh5 Kg3 77. Bd1 Kf4 78. Bh5 Ke5 79.
Bd1 Kd6 80. Bxb3 Bxb3 81. Kxb3 Ke6 82. Kc3 Ke5 83. Kd3 d4 84. Kd2 Kd6 85. Kd3
Kc5 86. Kd2 Kc4 87. Kc2 Kc5 88. Kd3 Kd5 89. Kd2 Ke4 90. Ke2 d3+ 91. Kd2 Kd4 92.
Kd1 Kc3 93. Kc1 d2+ 94. Kd1 Kd3 1/2-1/2

[Event "29.Schlosspark-Open"]
[Site "Wiesbaden-Biebrich"]
[Date "2017.08.26"]
[Round "4.33"]
[White "Frey, Thomas"]
[Black "Brechlin, Olaf"]
[Result "1-0"]
[WhiteElo "2050"]
[BlackElo "1879"]
[PlyCount "103"]
[EventDate "2017.??.??"]
[WhiteTeam "SV Reutlingen"]
[BlackTeam "FVS ASP Hoyerswerda"]

1. e4 Nc6 2. Nf3 d5 3. exd5 Qxd5 4. d4 Bg4 5. Be2 e6 6. c4 Bb4+ 7. Nc3 Bxc3+ 8.
bxc3 Qa5 9. O-O Nf6 10. Qb3 O-O 11. h3 Bf5 12. Qxb7 Qb6 13. Qxb6 axb6 14. Bf4
Ra7 15. Nd2 Ne4 16. Nxe4 Bxe4 17. Rfe1 h6 18. Bf1 Bg6 19. g4 Na5 20. Rad1 c6
21. Rd2 Rd8 22. Rb2 Rb7 23. Re5 c5 24. d5 Re8 25. Rd2 Rbe7 26. dxe6 Rxe6 27.
Rxe6 Rxe6 28. Re2 Bb1 29. Rxe6 fxe6 30. Bc7 Bxa2 31. Bxb6 Nxc4 32. Bxc5 Kf7 33.
Be2 Nd2 34. Be3 Nc4 35. Bc1 Kf6 36. Kf1 Nd6 37. Ke1 Bd5 38. f3 Nc4 39. Kf2 g5
40. f4 e5 41. fxg5+ hxg5 42. Kg3 Be6 43. h4 gxh4+ 44. Kxh4 Bf7 45. Bd3 Bd5 46.
g5+ Kg7 47. Bf5 Bf7 48. Kg3 Bd5 49. Bd7 Bf7 50. Bf5 Bd5 51. Bd3 Bf7 52. Bxc4
1-0

[Event "29.Schlosspark-Open"]
[Site "Wiesbaden-Biebrich"]
[Date "2017.08.26"]
[Round "4.34"]
[White "Müller, Lutz"]
[Black "John, Volkmar"]
[Result "1-0"]
[WhiteElo "2042"]
[BlackElo "1852"]
[PlyCount "39"]
[EventDate "2017.??.??"]
[WhiteTeam "SC Bad Königshofen"]
[BlackTeam "SK Herborn"]

1. d4 d5 2. Nf3 Nf6 3. e3 e6 4. Bd3 Be7 5. Nbd2 O-O 6. O-O b6 7. Qe2 c5 8. b3
Bb7 9. Bb2 Nbd7 10. Ne5 Nxe5 11. dxe5 Ne4 12. Bxe4 dxe4 13. Rad1 Qc7 14. Qg4 f5
15. exf6 Bxf6 16. Qxe6+ Kh8 17. Nc4 Bxb2 18. Nxb2 Rf6 19. Qd7 Qc8 20. Qe7 1-0

[Event "29.Schlosspark-Open"]
[Site "Wiesbaden-Biebrich"]
[Date "2017.08.26"]
[Round "4.35"]
[White "Fröhlich-Dill, Astrid"]
[Black "Werner, Dimo"]
[Result "0-1"]
[WhiteElo "1891"]
[BlackElo "2033"]
[PlyCount "54"]
[EventDate "2017.??.??"]
[WhiteTeam "SV Hofheim"]
[BlackTeam "TSV Schott Mainz"]

1. d4 d5 2. Nf3 Nf6 3. c4 e6 4. Nc3 Be7 5. Bf4 O-O 6. e3 b6 7. cxd5 exd5 8. Bd3
Bb7 9. h3 c5 10. Rc1 Nbd7 11. Nb5 Ne8 12. O-O a6 13. dxc5 bxc5 14. Nc3 Nef6 15.
Qe2 Re8 16. Rfd1 Bf8 17. Qd2 d4 18. Ne2 Bxf3 19. gxf3 Ne5 20. Bxe5 Rxe5 21. f4
Rh5 22. Kg2 Qd5+ 23. f3 Qd7 24. Rh1 dxe3 25. Qxe3 Re8 26. Be4 Nxe4 27. Nc3 Nf6
0-1

[Event "29.Schlosspark-Open"]
[Site "Wiesbaden-Biebrich"]
[Date "2017.08.26"]
[Round "4.36"]
[White "Waffenschmidt, Joachim"]
[Black "Eg, Karlheinz"]
[Result "1-0"]
[WhiteElo "2015"]
[BlackElo "1847"]
[PlyCount "69"]
[EventDate "2017.??.??"]
[WhiteTeam "SC Brett vorm Kopp"]
[BlackTeam "SV Rüsselsheim"]

1. d4 Nf6 2. c4 g6 3. Nc3 d5 4. Bf4 Bg7 5. e3 O-O 6. Rc1 c6 7. Nf3 Bf5 8. h3
Qa5 9. Qb3 b6 10. Be2 Be6 11. O-O dxc4 12. Bxc4 Bxc4 13. Qxc4 Rc8 14. e4 Qa6
15. Qb3 e6 16. Rfd1 Nh5 17. Bh2 Bh6 18. Rc2 Nd7 19. d5 Nc5 20. Qb4 cxd5 21.
exd5 exd5 22. Nxd5 Bf8 23. Qh4 Qb7 24. g4 Rd8 25. Rcd2 Ne4 26. Rd4 Rxd5 27.
Rxd5 Nhf6 28. Ng5 Nxg5 29. Rxg5 Qf3 30. Re1 Bc5 31. Rge5 Rd8 32. g5 Rd2 33. Bg3
Ne4 34. Re8+ Bf8 35. R8xe4 1-0

[Event "29.Schlosspark-Open"]
[Site "Wiesbaden-Biebrich"]
[Date "2017.08.26"]
[Round "4.37"]
[White "Siegismund, Florian"]
[Black "Gentner, Markus"]
[Result "0-1"]
[WhiteElo "1784"]
[BlackElo "2010"]
[PlyCount "62"]
[EventDate "2017.??.??"]
[WhiteTeam "SK Bad Schwalbach"]
[BlackTeam "SC Murrhardt"]

1. d4 Nf6 2. c4 c5 3. d5 b5 4. cxb5 a6 5. b6 d6 6. Nc3 g6 7. e4 Bg7 8. Nf3 Nbd7
9. Be2 O-O 10. O-O Rb8 11. Nd2 Nxb6 12. Rb1 Ne8 13. Qc2 Nc7 14. b4 cxb4 15.
Rxb4 a5 16. Rb1 Ba6 17. Bb2 f5 18. Bxa6 Nxa6 19. f3 Nb4 20. Qd1 Nd3 21. Ba1
Bd4+ 22. Kh1 Nf2+ 23. Rxf2 Bxf2 24. Nb3 Nd7 25. Ne2 a4 26. Nbd4 Rxb1 27. Qxb1
Qb8 28. Qc2 fxe4 29. Nc6 Qe8 30. Qxe4 Ne5 31. Nxe7+ Kf7 0-1

[Event "29.Schlosspark-Open"]
[Site "Wiesbaden-Biebrich"]
[Date "2017.08.26"]
[Round "4.38"]
[White "Triantafillidis, Dimitrios"]
[Black "Poghosyan, Tigran"]
[Result "0-1"]
[WhiteElo "1624"]
[BlackElo "2192"]
[PlyCount "78"]
[EventDate "2017.??.??"]
[WhiteTeam "SF HN-Biberach"]
[BlackTeam "Lübecker SV"]

1. e4 c5 2. c3 d5 3. exd5 Qxd5 4. d4 Nc6 5. Nf3 Bf5 6. a3 Nf6 7. Be2 cxd4 8.
cxd4 Bxb1 9. Rxb1 e6 10. O-O Be7 11. Be3 O-O 12. Re1 Rfd8 13. h3 a5 14. Qa4
Rab8 15. Qb5 Na7 16. Qxd5 Nxd5 17. Rbc1 Bf6 18. Red1 Nc6 19. Bg5 Bxg5 20. Nxg5
Nf4 21. Bf3 Nxd4 22. Kf1 h6 23. Ne4 b6 24. Nd2 Nd3 25. Rb1 Rbc8 26. Be4 Nf4 27.
Nf3 Nb3 28. Rxd8+ Rxd8 29. Bc2 Nd2+ 30. Nxd2 Rxd2 31. Rc1 g5 32. Ke1 Re2+ 33.
Kf1 Rd2 34. Ke1 Rd4 35. Kf1 Kg7 36. Rd1 Rxd1+ 37. Bxd1 Kf6 38. Bf3 Ke5 39. Ke1
Nd3+ 0-1

[Event "29.Schlosspark-Open"]
[Site "Wiesbaden-Biebrich"]
[Date "2017.08.26"]
[Round "4.39"]
[White "Eveleens, Wim"]
[Black "Deppe, Leo Max"]
[Result "1-0"]
[WhiteElo "2059"]
[BlackElo "1846"]
[PlyCount "85"]
[EventDate "2017.??.??"]
[WhiteTeam "Santpoort"]
[BlackTeam "SC Bad Soden"]

1. c4 Nf6 2. g3 d6 3. Bg2 g6 4. Nc3 Bg7 5. e4 e5 6. Nge2 O-O 7. d3 Nbd7 8. O-O
c6 9. h3 Nc5 10. Be3 Ne6 11. Qd2 a6 12. b4 b5 13. a4 Bd7 14. a5 Rc8 15. cxb5
cxb5 16. Rac1 Bc6 17. d4 exd4 18. Nxd4 Nxd4 19. Bxd4 Re8 20. Rfe1 Ba8 21. Nd5
Rxc1 22. Nxf6+ Bxf6 23. Rxc1 Bxe4 24. Bxf6 Qxf6 25. Re1 d5 26. f3 Qc6 27. fxe4
dxe4 28. Qd4 f5 29. Rd1 Rc8 30. h4 Qc4 31. Bf1 Qxd4+ 32. Rxd4 Rc6 33. Kf2 Kg7
34. Rd7+ Kh6 35. Rb7 Rc2+ 36. Be2 Rb2 37. Rb6 Rxb4 38. Rxa6 Rb2 39. Rb6 b4 40.
a6 b3 41. Ke3 Rb1 42. a7 Ra1 43. Ra6 1-0

[Event "29.Schlosspark-Open"]
[Site "Wiesbaden-Biebrich"]
[Date "2017.08.26"]
[Round "4.40"]
[White "Hipler, Andreas"]
[Black "Schmid, Eugen"]
[Result "1/2-1/2"]
[WhiteElo "1884"]
[BlackElo "2024"]
[PlyCount "116"]
[EventDate "2017.??.??"]
[WhiteTeam "SK Gau-Algesheim"]
[BlackTeam "SV Herrenberg"]

1. d4 Nf6 2. Nf3 e6 3. e3 b6 4. Bd3 Bb7 5. Nbd2 c5 6. O-O Be7 7. b3 cxd4 8.
exd4 O-O 9. Qe2 d6 10. Ne4 Nbd7 11. Bf4 Qc7 12. Rfe1 Rfe8 13. Neg5 Nf8 14. c4
h6 15. Ne4 N8d7 16. h3 Nxe4 17. Bxe4 Nf6 18. Bxb7 Qxb7 19. Rad1 d5 20. Rc1 dxc4
21. Rxc4 Rac8 22. Rec1 Qa6 23. R1c2 Rxc4 24. Qxc4 Qxc4 25. Rxc4 Nd5 26. Bd2 f6
27. Kf1 Rd8 28. Ke2 Kf7 29. Ne1 Rd7 30. Nc2 g5 31. g4 Bd6 32. Rc8 Be7 33. Kf3
Bd6 34. Rc4 Bf8 35. Ke4 Bd6 36. Kf3 Rc7 37. Rxc7+ Nxc7 38. Nb4 Bxb4 39. Bxb4
Nd5 40. Bd2 b5 41. a3 Kg6 42. Ke4 h5 43. f3 hxg4 44. hxg4 Kf7 45. Kd3 Ke7 46.
a4 a6 47. axb5 axb5 48. Ke4 Kf7 49. Kd3 Kg6 50. Ke4 Kf7 51. Be1 Ke7 52. Bd2 Kd6
53. Be1 Kc6 54. Bd2 b4 55. Be1 Kb5 56. Bd2 Ne7 57. Be1 Nc6 58. Kd3 Ne7 1/2-1/2

[Event "29.Schlosspark-Open"]
[Site "Wiesbaden-Biebrich"]
[Date "2017.08.26"]
[Round "4.41"]
[White "Cichon, Jörg"]
[Black "Belz, Frank-Martin"]
[Result "0-1"]
[WhiteElo "1853"]
[BlackElo "2021"]
[PlyCount "90"]
[EventDate "2017.??.??"]
[WhiteTeam "SF Mainz"]
[BlackTeam "SK Freising"]

1. e4 c6 2. Nc3 d5 3. exd5 cxd5 4. Bb5+ Nc6 5. d4 a6 6. Bxc6+ bxc6 7. Nf3 Bg4
8. Qd3 e6 9. Ne5 Bf5 10. Qe2 Qb6 11. g4 Bg6 12. Nxg6 hxg6 13. Qe5 Nf6 14. g5
Ng8 15. Ne2 Qb8 16. Qxb8+ Rxb8 17. c3 Bd6 18. f4 Ne7 19. b4 Nf5 20. Bd2 Kd7 21.
Kf2 Rh4 22. Kg2 Rbh8 23. Raf1 Bc7 24. Ng1 f6 25. gxf6 gxf6 26. Rf3 Rg4+ 27. Kf2
Nd6 28. Ne2 Ne4+ 29. Ke3 Rgh4 30. h3 Ke7 31. Be1 R4h6 32. Ng3 Nd6 33. Ne2 a5
34. bxa5 Nc4+ 35. Kd3 Ra8 36. Nc1 Rxa5 37. Kc2 Rh8 38. Rg1 Kf7 39. Rg2 Bxf4 40.
Kb1 Bxc1 41. Kxc1 Rha8 42. Kb1 Rb5+ 43. Kc1 Rab8 44. Kd1 Rb1+ 45. Ke2 R8b2+ 0-1

[Event "29.Schlosspark-Open"]
[Site "Wiesbaden-Biebrich"]
[Date "2017.08.26"]
[Round "4.42"]
[White "Wolf, Andreas"]
[Black "Held, Maurice"]
[Result "1-0"]
[WhiteElo "1993"]
[BlackElo "1856"]
[PlyCount "85"]
[EventDate "2017.??.??"]
[WhiteTeam "FVS ASP Hoyerswerda"]
[BlackTeam "SC Ladja Roßdorf"]

1. d4 g6 2. g3 Bg7 3. Bg2 c5 4. c3 cxd4 5. cxd4 d5 6. Nf3 Nc6 7. Nc3 Nf6 8. O-O
O-O 9. Bf4 a6 10. Ne5 e6 11. Nxc6 bxc6 12. Be5 Ng4 13. Bxg7 Kxg7 14. Na4 Nf6
15. Rc1 Qd6 16. Qc2 Qb4 17. Rfd1 Bd7 18. a3 Qb5 19. e3 Rfb8 20. b4 Be8 21. Bf1
Qb7 22. Nc5 Qc8 23. Rb1 Nd7 24. Rd3 e5 25. Bh3 e4 26. Rc3 Rb6 27. Na4 f5 28.
Nxb6 Nxb6 29. Bf1 Qe6 30. Rc1 a5 31. Rxc6 Bxc6 32. Qxc6 Qxc6 33. Rxc6 axb4 34.
axb4 Na4 35. Rc2 Rb8 36. b5 Rb7 37. f3 exf3 38. Kf2 Nb6 39. Kxf3 Nc4 40. Bxc4
dxc4 41. Rxc4 Rxb5 42. Rc7+ Kg8 43. g4 1-0

[Event "29.Schlosspark-Open"]
[Site "Wiesbaden-Biebrich"]
[Date "2017.08.26"]
[Round "4.43"]
[White "Pauly, Markus"]
[Black "Tufa, Mihai"]
[Result "1-0"]
[WhiteElo "1812"]
[BlackElo "1998"]
[PlyCount "71"]
[EventDate "2017.??.??"]
[WhiteTeam "Sfr. Erbach"]
[BlackTeam "Club Sah Diana Galati"]

1. c4 Nf6 2. Nc3 e6 3. e4 d5 4. e5 Nfd7 5. d4 dxc4 6. Bxc4 Nb6 7. Bb3 Nc6 8.
Nf3 Nb4 9. O-O Be7 10. Be3 N4d5 11. Bd2 Bd7 12. Qe2 Bc6 13. Qd3 Qd7 14. a3 a6
15. Rfd1 Ba4 16. Nxa4 Nxa4 17. Qc2 Nab6 18. Rac1 a5 19. Qe4 a4 20. Ba2 h5 21.
h4 c6 22. Bg5 Bxg5 23. Nxg5 O-O-O 24. b4 axb3 25. Bxb3 Qe7 26. Qc2 f6 27. Ne4
fxe5 28. dxe5 Kb8 29. Nd6 Nc8 30. Bxd5 cxd5 31. Nxb7 Qxb7 32. Rb1 Nb6 33. Qc5
Ka7 34. Rd4 Rc8 35. Ra4+ Kb8 36. Qd6+ 1-0

[Event "29.Schlosspark-Open"]
[Site "Wiesbaden-Biebrich"]
[Date "2017.08.26"]
[Round "4.44"]
[White "Pauls, Wilhelm"]
[Black "Schubert, Wolfgang"]
[Result "1-0"]
[WhiteElo "1993"]
[BlackElo "1806"]
[PlyCount "55"]
[EventDate "2017.??.??"]
[WhiteTeam "SG Kaarst"]
[BlackTeam "Wiesbadener SV"]

1. e4 c5 2. Nf3 d6 3. d4 cxd4 4. Nxd4 Nf6 5. Nc3 a6 6. Bg5 e6 7. f4 Nbd7 8. Qf3
Qc7 9. O-O-O b5 10. Bd3 Bb7 11. a3 Be7 12. g4 Qb6 13. Nb3 Nc5 14. Nxc5 dxc5 15.
f5 O-O-O 16. Be3 Nd7 17. Rhg1 Bf6 18. Na2 Ne5 19. Qf2 Nxd3+ 20. Rxd3 Bxe4 21.
Bxc5 Qb7 22. Rxd8+ Rxd8 23. g5 Be5 24. fxe6 fxe6 25. Re1 Bb8 26. Bb6 Re8 27.
Qc5+ Qc6 28. Rxe4 1-0

[Event "29.Schlosspark-Open"]
[Site "Wiesbaden-Biebrich"]
[Date "2017.08.26"]
[Round "4.45"]
[White "Reitz, Philipp"]
[Black "Sefeloge, Michael"]
[Result "1-0"]
[WhiteElo "1978"]
[BlackElo "1797"]
[PlyCount "105"]
[EventDate "2017.??.??"]
[WhiteTeam "VfR-SC Koblenz"]
[BlackTeam "SV Lahnstein"]

1. e4 c5 2. Nc3 d6 3. f4 Nf6 4. Bb5+ Bd7 5. Bc4 e6 6. d3 a6 7. a4 Nc6 8. Nf3
Be7 9. O-O Rc8 10. f5 O-O 11. Kh1 Na5 12. fxe6 Bxe6 13. Bxe6 fxe6 14. e5 Nd5
15. Ne4 dxe5 16. Bg5 Nc6 17. g3 Bxg5 18. Nfxg5 Qe7 19. Qh5 g6 20. Qh3 Ne3 21.
Rxf8+ Rxf8 22. Qxe6+ Qxe6 23. Nxe6 Rf7 24. c3 b6 25. N6g5 Rf5 26. h3 h6 27. Ne6
Rf3 28. a5 Nxa5 29. b4 cxb4 30. cxb4 Nc6 31. Rxa6 Rf1+ 32. Kh2 Rd1 33. Rxb6 Rc1
34. Nf6+ Kf7 35. Rxc6 Rc2+ 36. Rxc2 Nxc2 37. b5 Kxe6 38. Ng4 h5 39. b6 Nd4 40.
Ne3 Nc6 41. Kg2 Kd6 42. Kf3 Kc5 43. Nc4 Kd4 44. b7 e4+ 45. dxe4 Kxc4 46. Kf4
Kd4 47. Kg5 Kxe4 48. Kxg6 Kf3 49. Kxh5 Kxg3 50. h4 Kf4 51. Kg6 Ke5 52. Kg7 Kf5
53. h5 1-0

[Event "29.Schlosspark-Open"]
[Site "Wiesbaden-Biebrich"]
[Date "2017.08.26"]
[Round "4.46"]
[White "Junker, Christian"]
[Black "Bühler, Severin"]
[Result "1-0"]
[WhiteElo "1959"]
[BlackElo "1776"]
[PlyCount "151"]
[EventDate "2017.??.??"]
[WhiteTeam "SV Neu-Isenburg"]
[BlackTeam "Heilbronner SV"]

1. Nf3 Nf6 2. g3 g6 3. d3 Bg7 4. Bg2 O-O 5. e4 d6 6. O-O e5 7. c3 c5 8. a4 Nc6
9. Re1 Re8 10. Na3 h6 11. Nc4 d5 12. exd5 Nxd5 13. Nfd2 Nf6 14. Ne4 Nxe4 15.
dxe4 Qxd1 16. Rxd1 Bf8 17. a5 Be6 18. Ne3 Red8 19. Nd5 Kg7 20. Be3 Rac8 21. h3
Rd7 22. g4 g5 23. a6 b6 24. Bf1 Rdd8 25. Bb5 Ne7 26. c4 Nc6 27. Bxc6 Rxc6 28.
b3 Rcd6 29. Kf1 Bc8 30. Ke2 R6d7 31. Rdb1 Rd6 32. f3 f6 33. h4 R8d7 34. Rh1 Kg6
35. h5+ Kf7 36. Rhb1 Rc6 37. Rb2 Rd8 38. Nc3 Rcd6 39. Nb5 R6d7 40. Nc3 Rd6 41.
Rd2 Rxd2+ 42. Bxd2 Rd7 43. Nd5 Bd6 44. Kd3 Rd8 45. Kc2 Ke6 46. Be3 Kf7 47. Bd2
Ke6 48. Be3 Kf7 49. Ra2 Ke6 50. Bd2 Kf7 51. Ne3 Be7 52. Bc3 Bf8 53. Ra1 Be7 54.
Be1 Bf8 55. Bf2 Be7 56. Nd5 Bd6 57. Kc3 Ke6 58. Be3 Kf7 59. Bc1 Ke6 60. Ba3 Kf7
61. b4 Ke6 62. bxc5 bxc5 63. Bc1 Bd7 64. Be3 Rc8 65. Ra5 Rc6 66. Kd3 Bc8 67.
Nc3 Rxa6 68. Rb5 Rb6 69. Ra5 a6 70. Bxc5 Bxc5 71. Rxc5 Bd7 72. Rc7 Rc6 73. Ra7
Rd6+ 74. Nd5 Kf7 75. Kc3 Kf8 76. c5 1-0

[Event "29.Schlosspark-Open"]
[Site "Wiesbaden-Biebrich"]
[Date "2017.08.26"]
[Round "4.47"]
[White "Falkenhainer, Sven"]
[Black "Rau, Christian"]
[Result "0-1"]
[WhiteElo "1762"]
[BlackElo "1915"]
[PlyCount "70"]
[EventDate "2017.??.??"]
[WhiteTeam "SC Bergen-Enkheim"]
[BlackTeam "SV Rüsselsheim"]

1. e4 e5 2. Be2 Nc6 3. d3 Nf6 4. Nc3 Be7 5. f4 exf4 6. Bxf4 d5 7. e5 Ng8 8. d4
g5 9. Bg3 Nh6 10. Bf3 Be6 11. Qd2 Nf5 12. Bf2 h5 13. h3 Qd7 14. Nge2 O-O-O 15.
Ng3 Nh4 16. Qd1 g4 17. hxg4 hxg4 18. Rxh4 Bxh4 19. Be2 f6 20. exf6 Rdf8 21. Nh1
Bg5 22. Ng3 Rxf6 23. a3 Ne7 24. Qd3 Nf5 25. Nf1 Nh4 26. Bxh4 Rxh4 27. Nd1 Bf5
28. Qb3 Rh1 29. g3 Re6 30. Nc3 c6 31. Qa4 Kb8 32. b4 Qh7 33. Nd1 Bxc2 34. Qa5
Rxe2+ 35. Kxe2 Qd3+ 0-1

[Event "29.Schlosspark-Open"]
[Site "Wiesbaden-Biebrich"]
[Date "2017.08.26"]
[Round "4.48"]
[White "Schindelmeiser, Frank"]
[Black "Krischak, Werner"]
[Result "1-0"]
[WhiteElo "1955"]
[BlackElo "1761"]
[PlyCount "59"]
[EventDate "2017.??.??"]
[WhiteTeam "SV Oberursel"]
[BlackTeam "SK Marburg"]

1. c4 c6 2. g3 Nf6 3. Bg2 d5 4. Nf3 e6 5. O-O Nbd7 6. b3 Bd6 7. Bb2 O-O 8. d4
Qc7 9. Nbd2 b6 10. Rc1 Bb7 11. Rc2 a5 12. a3 Qb8 13. Qa1 c5 14. Rfc1 a4 15. Ne5
axb3 16. Nxb3 Bxe5 17. dxe5 Ng4 18. cxd5 exd5 19. Bh3 f5 20. f4 Ne3 21. Rd2 d4
22. Bxd4 cxd4 23. Qxd4 Rxa3 24. Qxd7 Rxb3 25. Rc7 Rb1+ 26. Kf2 Nd1+ 27. Rxd1
Qxc7 28. Qxc7 Rxd1 29. Qxb7 Rb1 30. Qd5+ 1-0

[Event "29.Schlosspark-Open"]
[Site "Wiesbaden-Biebrich"]
[Date "2017.08.26"]
[Round "4.49"]
[White "Wunschik, Joachim"]
[Black "Li, Maxim"]
[Result "0-1"]
[WhiteElo "1762"]
[BlackElo "1932"]
[PlyCount "67"]
[EventDate "2017.??.??"]
[WhiteTeam "SV Rüsselsheim"]
[BlackTeam "Wiesbadener SV"]

1. d4 g6 2. c4 Bg7 3. Nc3 d6 4. e4 Nc6 5. Nf3 e5 6. d5 Nce7 7. Be2 h6 8. Bd2 a6
9. b4 f5 10. Bd3 Nf6 11. Qc2 O-O 12. O-O Kh7 13. Ne1 f4 14. f3 g5 15. h3 Qe8
16. Rf2 Nh5 17. Bf1 Ng8 18. c5 Ngf6 19. cxd6 cxd6 20. Na4 Qd8 21. Rc1 Rf7 22.
Nb2 Ng3 23. Ned3 g4 24. Nxf4 exf4 25. Bxf4 Nfh5 26. Be3 Nxf1 27. Rfxf1 gxh3 28.
Nd3 hxg2 29. Qxg2 Qh4 30. Qh2 Bf6 31. Rc2 Rg7+ 32. Rg2 Rxg2+ 33. Kxg2 Bd7 34.
Qxh4 0-1